| 000 | 00674nam a2200229 i 4500 | ||
|---|---|---|---|
| 001 | bgj | ||
| 100 | 1 | _aMORGNER, Irmtraud. | |
| 245 | 1 | 0 |
_aDie wundersamen Reisen Gustavs des Weltfahrers : _bLügenhafter Roman mit Kommentaren / _cIrmtraud Morgner. |
| 260 |
_aFrankfurt am Main : _bFischer Taschenbuch Verlag, _c1975. |
||
| 300 |
_a157 s. ; _c18 cm. |
||
| 490 | 1 |
_a[Fischer-Taschenbücher] _v1568 |
|
| 650 | 9 | _aPowieść niemiecka | |
| 830 | _a[Fischer-Taschenbücher] | ||
| 020 | _a3436020419 | ||
| 040 | _cBPK | ||
| 041 | 0 | _ager | |
| 044 | _aDEU | ||
| 080 | _a821.112.2-3 | ||
| 920 | _a3-436-02041-9 | ||
| 942 | _cKS | ||
| 008 | s gw f |000 0 ger | ||
| 999 |
_c50538 _d50538 |
||
| 856 |
_uhttp://koha.tu.koszalin.pl/cgi-bin/koha/opac-detail.pl?biblionumber=50538 _yKatalog online BPK |
||